Statistics for Marvel Questions #8

Click here to take the quiz!

General Stats

  • This quiz has been taken 9 times
  • The average score is 10 of 23

Answer Stats

Question:Answer:% Correct
~Thor
88%
What did Goose Spit up?Tesseract
75%
Mind?Vision
75%
What is the action that decimated half the universe?The Snap
75%
~Captain America
75%
Name the Holy Trinity:Iron Man
75%
Time?Dr. Strange
63%
Soul?Red Skull
63%
Space?Loki
50%
Reality?Collector
50%
The Reality Stone is also Called:The Aether
50%
What did corrupt sheild agents say before they died?Hail Hydra
50%
Who were the real Villians in Captain Marvel?The Kree
50%
Who was the keeper of the Power Stone?Nova Corps
38%
What was the name of the Hulkbuster armor?Veronica
25%
What was the first thing he said when he was asked "how do you feel"?Taller
25%
What was hulks code name from Samuel Sterns?Mr Green
13%
How much did He Weight before the Serum? (In Pounds)98
13%
And What was Sterns Code Name?Mr Blue
13%
What was the name of the Shield Boat that was compromised?Lumerian Star
13%
How did Fury lose his eye?Scratched out by goose
0%
Where was the Tesseract Kept before 1992?Mar-Vell's Lab
0%
When was Steve Rogers Born?July 4 1920
0%

Score Distribution

Percentile by Number Answered

Percent of People with Each Score

Your Score History

You have not taken this quiz